000 00776nam a2200241 a 4500
999 _c6089
_d6089
001 6089
003 BD-JhCC
005 20200328134008.0
008 180101s1999 bg |||| ||a| 000 0 ben d
020 _a984060538X
035 _a(BD-JhCC)6089
040 _aBD-JhCC
_dBD-JhCC
041 _aben
082 _a297.63
_bRAH 1999
100 _aরহমান, মাহমুদুর
245 _aবিশ্বনবী (সা)-এর সৈনিক জীবন /
_cমাহমুদুর রহমান
260 _aঢাকা :
_bইসলামিক ফাউন্ডেশন বাংলাদেশ,
_c১৯৯৯.
300 _a244 p. :
_c21 cm.
650 _aHazrat Muhammad (Sm)
650 _aMilitary Life
942 _2ddc
_cBK
_02